| 000 | 01111cab a2200361 4500 | ||
|---|---|---|---|
| 001 | WB3112-18 | ||
| 008 | 090401t1995 xxu||||| |||| 00| 0 eng d | ||
| 035 | _a(Sirsi) u35714 | ||
| 041 | _aeng | ||
| 245 | _aPrivate tenders for NHS hospitals | ||
| 260 | _c1995 | ||
| 350 | _a0 | ||
| 490 |
_aIndependent _v23 March 1995, 1(1) |
||
| 520 | _aConstruction companies and private health firms are joining together to tender for NHS projects, which will involve finance and build along with operation of health services, a move which will increase privatisation in the NHS. | ||
| 650 | _aCAPITAL PROJECTS | ||
| 650 | _aDBFO SCHEMES | ||
| 650 | _aDBFO | ||
| 650 | _aDEPARTMENT OF HEALTH | ||
| 650 | _aHOSPITAL SERVICES | ||
| 650 | _aHOSPITALS | ||
| 650 | _aLAINGS | ||
| 650 | _aMCALPINE HEALTHCARE LTD | ||
| 650 | _aNATIONAL HEALTH SERVICE | ||
| 650 | _aNHS TRUSTS | ||
| 650 | _aPFI | ||
| 650 | _aPRIVATE FINANCE INITIATIVE | ||
| 650 | _aPRIVATISATION | ||
| 650 | _aTARMAC HEALTH ESTATES | ||
| 650 | _aTENDERING | ||
| 690 | _aECONOMIC AND SOCIAL | ||
| 942 | _n0 | ||
| 948 | _c04/03/1997 | ||
| 999 |
_c23358 _d23358 |
||